María en el Nuevo Testamento: una evaluación conjunta de estudiosos católicos y luteranos

Saved in:
書目詳細資料
Main Authors: Brown, Raymond Edward (Author), Donfried, Karl P (Author), Fitzmyer, Joseph A (Author), Reumann, John (Author)
格式: 圖書
語言:西班牙语
出版: Salamanca Ediciones Sígueme 2011
版:1a. ed
叢編:Biblioteca de Estudios Bíblicos, 49
主題:
標簽: 添加標簽
沒有標簽, 成為第一個標記此記錄!

MARC

LEADER 00000cam a2200000 a 4500
001 UCD5470
003 CL-VaPUC
008 160908e20110000sp |||||||||||||||||spa|d
020 |a 9788430108817 
082 0 4 |a 323.91  |b BRO  |2 21 
100 |a Brown, Raymond Edward  |e author  |9 589625 
700 0 |a Donfried, Karl P  |e author  |9 589225 
700 0 |a Fitzmyer, Joseph A  |e author  |9 589226 
700 0 |a Reumann, John  |e author  |9 589227 
245 1 0 |a María en el Nuevo Testamento: una evaluación conjunta de estudiosos católicos y luteranos 
250 |a 1a. ed 
300 |a 294 p 
942 |c BK 
945 |d 20160908 17:08:00  |a dcastane 
260 |a Salamanca  |b Ediciones Sígueme  |c 2011 
600 0 |a Virgen María   |9 314204 
650 0 |a Mariología   |9 365249 
650 7 |a ENSEÑANZA BIBLICA  |2 CL-VaPUC  |9 320049 
583 |a last modification  |c 20160908 17:08:00  |k Rodrigo Vera 
490 0 |a Biblioteca de Estudios Bíblicos, 49 
999 |c 366131  |d 366129 
952 |0 0  |1 0  |3 erb  |4 0  |6 323_910000000000000_BRO_2011  |7 0  |8 A  |9 480176  |a BIBTEO  |b BIBTEO  |i 5340993  |o 323.91 BRO 2011  |p 5340993  |r 2025-01-17  |w 2019-11-24  |y BK  |z Catalogado en:20160908  |k ICR